[Event "Bretagne"]
[Site "Bretagne"]
[Date "1999.??.??"]
[Round "4"]
[White "Herdier, Goulwenn"]
[Black "Dumitrache, Dragos"]
[Result "0-1"]
[WhiteElo "2225"]
[BlackElo "2425"]

1.e4 c5 2.Nf3 Nc6 3.Bb5 g6 4.O-O Bg7 5.c3 Nf6 6.Re1 O-O 7.d4 cxd4 8.cxd4 d5
9.e5 Ne4 10.Nc3 Bf5 11.Nh4 Nxc3 12.bxc3 Bd7 13.Bd3 Rc8 14.Bf4 Na5 15.Rc1 Nc4
16.Qf3 Bb5 17.e6 Na3 18.Bxb5 Nxb5 19.Qd3 fxe6 20.Be5 Qd7 21.Nf3 Bf6 22.h4 Nd6
23.h5 gxh5 24.Nd2 Nf5 25.Qh3 Qe8 26.Nf3 Rc6 27.Re2 Qg6 28.g3 Qg4 29.Qg2 Rfc8
30.Rec2 Qe4 31.Qh1 h4 32.gxh4 Kh8 33.h5 Rg8+ 34.Kf1 Bxe5 35.dxe5 Nd4  0-1

[Event "Bretagne"]
[Site "Bretagne"]
[Date "1999.??.??"]
[Round "5"]
[White "Le Roux, Jean Pierre"]
[Black "Berthelot, Yannick"]
[Result "0-1"]
[WhiteElo "2250"]
[BlackElo "2325"]

1.e4 c5 2.Nf3 Nc6 3.Bb5 e6 4.O-O Nge7 5.c3 a6 6.Ba4 b5 7.Bc2 Bb7 8.a4 Ng6
9.d4 cxd4 10.Nxd4 b4 11.Nxc6 Bxc6 12.a5 Qc7 13.Be3 Qb7 14.Nd2 Be7 15.h4 Nxh4
16.f4 Ng6 17.f5 exf5 18.exf5 Bxg2 19.Rf2 Nh4 20.Qe2 O-O 21.Rxg2 Qxg2+ 22.Qxg2 Nxg2
23.Kxg2 bxc3 24.bxc3 Rfc8 25.Be4 Rab8 26.Rb1 Rxb1 27.Nxb1 Bd8 28.Bb6 Rb8
29.Bxd8 Rxd8 30.Bd3 Rc8 31.Bxa6 Rc5 32.Bd3 Rxa5 33.Kf3 Kf8 34.Ke4 Ke7 35.Nd2 Kf6
36.Kf4 g5+ 37.fxg6 hxg6 38.Ne4+ Ke7 39.c4 d5 40.cxd5 Rxd5 41.Bc2 Rd4 42.Ke3 Rb4
43.Bd1 f5 44.Ng5 Kf6 45.Nh7+ Ke5 46.Ng5 Rb1 47.Be2 Rb3+ 48.Bd3 Ra3 49.Nh3 Kf6
50.Nf4 g5 51.Ng2 Ke5 52.Ne1 g4 53.Ng2 Ra4 54.Be2 f4+ 55.Kf2 Kf5 56.Nh4+ Kg5
57.Ng2 Ra2 58.Ne1 Rd2 59.Kf1 Kh4 60.Kf2 Kh3 61.Kf1 Kg3 62.Bc4 f3 63.Bb3 Rh2  0-1

[Event "Radulescu Memorial"]
[Site "Calimanesti"]
[Date "1999.??.??"]
[Round "1"]
[White "Nevednichy, Vladislav"]
[Black "Nanu, Ciprian"]
[Result "0-1"]
[WhiteElo "2505"]
[BlackElo "2420"]

1.e4 c5 2.Nf3 Nc6 3.Bb5 Qb6 4.Nc3 e6 5.O-O Nge7 6.a4 a6 7.Bc4 Ng6 8.d3 d6
9.Ne2 Nge5 10.Nd2 g5 11.Ba2 g4 12.Kh1 Bd7 13.c3 h5 14.Bb1 O-O-O 15.Bc2 d5
16.exd5 exd5 17.Ng1 Ne7 18.d4 cxd4 19.Nb3 dxc3 20.Be3 Qc7 21.Bd4 Bh6  0-1

[Event "Radulescu Memorial"]
[Site "Calimanesti"]
[Date "1999.??.??"]
[Round "9"]
[White "Nanu, Ciprian"]
[Black "Moldovan, Daniel"]
[Result "1/2-1/2"]
[WhiteElo "2420"]
[BlackElo "2456"]

1.e4 c5 2.Nf3 Nc6 3.Bb5 g6 4.O-O Bg7 5.Re1 Nf6 6.e5 Nd5 7.Nc3 Nc7 8.Bxc6 dxc6
9.Ne4 Ne6 10.d3 O-O 11.Be3 b6 12.Qc1 Nd4 13.Nxd4 cxd4 14.Bh6  1/2-1/2

[Event "Radulescu Memorial"]
[Site "Calimanesti"]
[Date "1999.??.??"]
[Round "12"]
[White "Ardeleanu, Alin"]
[Black "Nanu, Ciprian"]
[Result "1-0"]
[WhiteElo "2420"]
[BlackElo "2420"]

1.e4 c5 2.Nf3 Nc6 3.Bb5 e6 4.Bxc6 bxc6 5.d3 d6 6.e5 dxe5 7.Nxe5 Qd5 8.Nf3 c4
9.Nc3 Bb4 10.Bd2 Bxc3 11.Bxc3 Nf6 12.dxc4 Qxc4 13.Qd4 Qxd4 14.Bxd4 Nd7 15.Bxg7 Rg8
16.Be5 Nxe5 17.Nxe5 Rxg2 18.O-O-O c5 19.Rhg1 Rxg1 20.Rxg1 Kf8 21.Rg4 f6 22.Nd3 e5
23.Rc4 Ke7 24.Rxc5 Kd6 25.Ra5 h5 26.h4 a6 27.Kd2 Ra7 28.f4 e4 29.Nf2 f5 30.Nd1 Kc6
31.Ne3 Kb6 32.Re5 Rg7 33.Nxf5 Rg2+ 34.Kc3 Rh2 35.b4 e3 36.Nxe3 Rxh4 37.Nd5+ Ka7
38.f5 Rh3+ 39.Kd4 Rf3 40.f6 h4 41.Re7+ Kb8 42.Rh7 h3 43.f7 h2 44.Rxh2 Rxf7
45.c4 Bb7 46.Rh8+ Ka7 47.Re8 Rf2 48.a4 Ra2 49.a5 Rh2 50.Kc5 Rh6 51.Rf8 Rc6+
52.Kd4 Rh6 53.Rd8 Rg6 54.Ne7 Rg4+ 55.Kc5 Rg5+ 56.Kd6 Rg4 57.c5 Rd4+ 58.Kc7 Rxb4
59.c6 Rc4 60.Rb8 Rxc6+ 61.Nxc6+ Bxc6 62.Rb6 Bf3 63.Rf6 Be4 64.Rf7 Bd5 65.Re7 Bg2
66.Kd6+ Kb8 67.Kc5 Kc8 68.Kb6 Bf1 69.Rc7+ Kd8 70.Rc1 Be2 71.Rc2 Bf1 72.Kb7 Bb5
73.Rc5 Bf1 74.Rd5+ Ke7 75.Kc7 Ke6 76.Rd6+ Ke5 77.Kc6 Bc4 78.Kc5 Bb5 79.Rb6 Bd3
80.Rb3 Ke4  1-0

[Event "Cannes"]
[Site "Cannes"]
[Date "1999.??.??"]
[Round "1"]
[White "Kerbrat, Julien"]
[Black "Hell, Pascal"]
[Result "0-1"]
[WhiteElo "2157"]
[BlackElo "2132"]

1.e4 c5 2.Nf3 Nc6 3.Bb5 g6 4.Bxc6 bxc6 5.O-O Bg7 6.d3 Nf6 7.c3 O-O 8.Be3 d6
9.h3 Ba6 10.Qc2 Qa5 11.Nbd2 Rab8 12.Nc4 Qc7 13.Bf4 Nxe4 14.dxe4 Bxc4 15.Rfe1 Qb6
16.b3 Be6 17.Rad1 c4 18.b4 a5 19.a3 axb4 20.axb4 Ra8 21.e5 d5 22.Be3 Qb7
23.Bc5 Bf5 24.Qb2 Ra6 25.Ra1 Rfa8 26.Rxa6 Rxa6 27.Nd4 Be4 28.f3 Bd3 29.f4 e6
30.Ra1 Bf8 31.Bxf8 Kxf8 32.Ra3 Qa8 33.Rxa6 Qxa6 34.b5 cxb5 35.Qb4+ Kg7 36.Nxb5 Qb6+
37.Kh2 Be4 38.Qb2 d4 39.cxd4 Bc6 40.Qb4 Qxb5 41.Qd6 Qd5  0-1

[Event "Cannes"]
[Site "Cannes"]
[Date "1999.??.??"]
[Round "2"]
[White "Levacic, Patrick"]
[Black "Bourquin, Pascal"]
[Result "1/2-1/2"]
[WhiteElo "2405"]
[BlackElo "2228"]

1.e4 c5 2.Nf3 Nc6 3.Bb5 g6 4.Bxc6 dxc6 5.h3 Bg7 6.d3 e5 7.Be3 Qe7 8.Qd2 Nf6
9.Nc3 O-O 10.O-O Rd8 11.Qc1 Ne8 12.Nh2 Nc7 13.Bh6 Ne6 14.Bxg7 Kxg7 15.Ne2 Nd4
16.Nxd4 cxd4 17.f4 f6 18.Qe1 Bd7 19.Qg3 c5 20.Nf3 exf4 21.Qxf4 Rac8 22.Rae1 Be6
23.Nh4 c4 24.Nf5+ Bxf5 25.exf5 Qc7 26.fxg6 Qxf4 27.Re7+ Kxg6 28.Rxf4 cxd3
29.cxd3 b6 30.Rxa7 Rc2 31.b3 Rd2 32.Ra6 Rd6 33.Rf3 h5 34.Ra4 h4 35.Rf4 Rxd3
36.Rxh4 Rd2 37.Rf4 b5 38.Rb4 Rd5 39.a4 bxa4 40.bxa4  1/2-1/2

[Event "Cannes"]
[Site "Cannes"]
[Date "1999.??.??"]
[Round "4"]
[White "Hamdouchi, Hichem"]
[Black "Lukov, Valentin"]
[Result "1-0"]
[WhiteElo "2564"]
[BlackElo "2439"]

1.e4 c5 2.Nf3 Nc6 3.Bb5 Na5 4.O-O Nf6 5.Re1 a6 6.Bf1 e6 7.e5 Nd5 8.c4 Nc7
9.Nc3 d6 10.exd6 Bxd6 11.d4 O-O 12.dxc5 Bxc5 13.Bf4 Qe7 14.Qc2 Nc6 15.Ne4 b6
16.Rad1 Ne8 17.a3 a5 18.Nc3 f6 19.h4 Bb7 20.Bd3 g6 21.Bh6 Ng7 22.h5 Nxh5
23.Bxf8 Rxf8 24.Be4 Ng7 25.Na4 e5 26.Qb3 Ne6 27.Nxc5 bxc5 28.Qb6 Ncd8 29.Bxb7 Nxb7
30.Rd5 Nf4 31.Rd2 Rf7 32.Red1 Qe8 33.Rd8  1-0

[Event "Cannes op"]
[Site "Cannes"]
[Date "1999.??.??"]
[Round "8"]
[White "Jossien, Arnaud"]
[Black "Plachetka, Jan"]
[Result "1/2-1/2"]
[WhiteElo "2307"]
[BlackElo "2395"]

1.e4 c5 2.Nf3 Nc6 3.Bb5 g6 4.c3 Nf6 5.e5 Nd5 6.d4 cxd4 7.O-O Nc7 8.Bc4 Bg7
9.cxd4 d5 10.Be2 Bg4 11.Nc3 O-O 12.Be3 f6 13.exf6 Bxf6 14.h3 Bxf3 15.Bxf3 e6
16.Rc1 Rf7 17.Re1 Bg5 18.b4 Bxe3 19.fxe3 Qg5 20.e4 Raf8 21.Kh1 Nxd4 22.Qxd4 Rxf3
23.exd5 Rf2 24.Rg1 exd5 25.Ne4 dxe4 26.Rxc7 R2f7 27.Rxf7 Rxf7 28.Qxe4 Qf4
29.Re1 Qxe4 30.Rxe4 Rc7 31.a4 Kf7 32.Kh2 Kf6 33.g4 a6 34.Kg2 Rc3 35.h4 b5
36.a5 Rb3 37.Kh2 h5 38.Kg2 Rc3 39.Kf2 Rh3 40.gxh5 gxh5 41.Re8 Rxh4 42.Ra8 Rxb4
43.Rxa6+ Ke5 44.Rh6 Kd4 45.Rxh5 Rb1 46.Ke2 Kc3 47.Rc5+ Kb4 48.Rc8 Kb3 49.Kd2 b4
50.Rc1 Rb2+ 51.Kd3 Ra2 52.Rc5 Ra4 53.Rb5 Kb2 54.Kc4 b3+ 55.Kc5 Kc3 56.Kb6 Rb4
57.Rxb4 Kxb4 58.a6 b2 59.a7 b1=Q 60.a8=Q Qg1+ 61.Kb7 Qg2+ 62.Kb8 Qg3+ 63.Ka7 Qe3+
64.Kb8 Qe5+ 65.Ka7 Qc5+ 66.Kb8 Qd6+ 67.Ka7 Qc7+ 68.Qb7+ Qxb7+ 69.Kxb7  1/2-1/2

[Event "Ceske Budejovice op"]
[Site "Ceske Budejovice"]
[Date "1999.??.??"]
[Round "2"]
[White "Kucera, Petr"]
[Black "Serdt, Simon"]
[Result "1-0"]
[WhiteElo "2380"]
[BlackElo "2215"]

1.e4 c5 2.Nf3 Nc6 3.Bb5 a6 4.Bxc6 dxc6 5.h3 Qc7 6.d3 e5 7.a4 b6 8.Nc3 Nf6
9.O-O Bd6 10.Be3 O-O 11.Nd2 Be6 12.Nc4 Nd7 13.Ne2 f6 14.g4 h5 15.Ng3 hxg4
16.hxg4 g6 17.Kg2 Kg7 18.Rh1 Rh8 19.Qf3 Be7 20.Bd2 Rag8 21.Bc3 Qb8 22.Ne2 b5
23.axb5 axb5 24.Ne3 Rxh1 25.Rxh1 Rh8 26.Ra1 Bd6 27.b3 Nf8 28.g5 fxg5 29.Qg3 Rh3
30.Qxg5 Nh7 31.Ra7+ Qxa7 32.Bxe5+ Kf7 33.Qf4+ Kg8 34.Bxd6 Rh5 35.Bb8 Qa1
36.Ng3 g5 37.Qd6 Bh3+ 38.Kf3 g4+ 39.Ke2 Qg7 40.Nxh5 Qf7 41.Qd8+ Nf8 42.Qg5+ Ng6
43.Nf5  1-0

[Event "Ceske Budejovice op"]
[Site "Ceske Budejovice"]
[Date "1999.??.??"]
[Round "4"]
[White "Rehorek, Martin"]
[Black "Michenka, Jozef"]
[Result "0-1"]
[WhiteElo "2285"]
[BlackElo "2375"]

1.e4 c5 2.Nf3 Nc6 3.Bb5 g6 4.O-O Bg7 5.Re1 e5 6.c3 Nge7 7.d3 O-O 8.Bc4 h6
9.Nbd2 d5 10.exd5 Nxd5 11.Ne4 b6 12.Bxd5 Qxd5 13.Bxh6 Bb7 14.Bxg7 Kxg7 15.c4 Qd7
16.Qd2 Rad8 17.Rad1 f6 18.a3 a5 19.h3 Rf7 20.Qe3 Rh8 21.Rd2 a4 22.Rdd1 Na5
23.Kh2 Nb3 24.Kg1 Qc6 25.Rf1 Re7 26.Ne1 Nd4 27.f4 exf4 28.Qf2 f5 29.Nc3 Rxh3
30.Rd2 Rhe3 31.Nd5 Ne2+ 32.Rxe2 Rxe2 33.Qh4 Re8 34.Nf3 Qd6 35.Nxf4 Bxf3 36.Rxf3 Qd4+
37.Kf1 Qxb2 38.Nxe2 Qxe2+ 39.Kg1 Qe1+ 40.Rf1 Qe3+  0-1

[Event "Ceske Budejovice op"]
[Site "Ceske Budejovice"]
[Date "1999.??.??"]
[Round "9"]
[White "Kucera, Petr"]
[Black "Marsalek, Zdenek"]
[Result "1/2-1/2"]
[WhiteElo "2380"]
[BlackElo "2230"]

1.e4 c5 2.Nf3 Nc6 3.Bb5 g6 4.Bxc6 dxc6 5.d3 Bg7 6.h3 e5 7.O-O Qe7 8.a4 a5
9.Na3 Nf6 10.Nc4 Nd7 11.Bd2 b6 12.Ra3 O-O 13.Rb3 Rb8 14.Qe2 Ba6 15.Re1 Rfd8
16.Nh2 Bxc4 17.dxc4 Nf8 18.Nf3 Ne6 19.Be3 Rb7 20.Rd1 Rxd1+ 21.Qxd1 Rd7 22.Rd3 Rxd3
23.Qxd3 f6 24.Ne1 Bf8 25.g3 Qc7 26.Kg2 Bd6 27.Qd1 Kg7 28.Qg4 Qd7 29.Nd3 Nf8
30.Qxd7+ Nxd7 31.f4 Kf7 32.f5 Nb8 33.h4 Na6 34.g4 Nc7 35.Kf3 Ne8 36.c3 Be7  1/2-1/2

[Event "Clichy Evaluation 3"]
[Site "Clichy"]
[Date "1999.??.??"]
[Round "7"]
[White "Royer, Sylvain"]
[Black "Guilbert, H."]
[Result "1/2-1/2"]
[WhiteElo "2275"]
[BlackElo "2030"]

1.e4 c5 2.Nf3 Nc6 3.Bb5 e6 4.O-O Nge7 5.Re1 a6 6.Bxc6 Nxc6 7.c4 Qc7 8.b3 Be7
9.d4 cxd4 10.Nxd4 Bf6 11.Be3 Qe5 12.f4 Qxe4 13.Nc3 Qxd4 14.Bxd4 Bxd4+ 15.Kh1 Bxc3
16.Qd6 Bxa1 17.Rxa1  1/2-1/2

[Event "Cuzco-ch"]
[Site "Cuzco"]
[Date "1999.??.??"]
[Round "3"]
[White "Quinones, Cesar"]
[Black "Nina, Miguel"]
[Result "1-0"]
[WhiteElo "2070"]
[BlackElo "2310"]

1.e4 c5 2.Nf3 Nc6 3.Bb5 g6 4.Bxc6 dxc6 5.h3 Bg7 6.d3 Nf6 7.Nc3 O-O 8.Be3 Qa5
9.O-O Rd8 10.Nd2 b6 11.Qe2 Qa6 12.a4 Qb7 13.f4 e6 14.e5 Nd5 15.Nce4 Qd7 16.Nc4 Ba6
17.Ned6 Bxc4 18.Nxc4 b5 19.axb5 cxb5 20.Na5 Bf8 21.Kh2 Rac8 22.Nb3 Nxe3 23.Qxe3 c4
24.dxc4 bxc4 25.Na5 Qd2 26.Qe4 Rd4 27.Qb7 Rc5 28.Nc6 Rd7 29.Qc8 Kg7 30.Rad1 Qxd1
31.Rxd1 Rxd1 32.Qb7 Rd2 33.c3 h5 34.Nd4 Kg8 35.Nf3 Rcd5 36.Nxd2 Rxd2 37.Qxa7 h4
38.Qb8 Kg7 39.Qc7 Rxb2 40.Qxc4 Be7 41.Qc7 Ba3 42.Qd8 Rc2 43.Qxh4 Rxc3 44.Qf6+ Kg8
45.h4 Bc1 46.Qd8+ Kg7 47.g3 Be3 48.Kg2 Rc2+ 49.Kf3 Bc5 50.Qf6+ Kg8 51.h5 Rc3+
52.Kg2 gxh5 53.Qg5+ Kf8 54.Qxh5 Rc2+ 55.Kh3 Rf2 56.Qh8+ Ke7 57.Qc8 Rc2 58.Qc7+ Kf8
59.Qd8+ Kg7 60.Qf6+ Kg8 61.f5 Rf2 62.Qg5+ Kh7 63.Qh5+ Kg8 64.fxe6 Be7 65.Qg4+ Kf8
66.exf7 Rxf7 67.Qc8+ Kg7 68.Qe6 Kf8 69.g4 Bg5 70.Qc8+ Kg7 71.e6 Re7 72.Qc3+ Kh6
73.Qf3 Rg7 74.Kg3 Ra7 75.Qf8+ Kh7 76.Qe8 Bf6 77.Kf3 Kg7 78.Ke4 Rc7 79.Kd5 Re7
80.Qh5 Ra7 81.Kc4 Ra6 82.g5 Rxe6 83.gxf6+  1-0

[Event "CZE-chT2 9899"]
[Site "CZE"]
[Date "1999.??.??"]
[Round "?"]
[White "Reznicek, Tomas"]
[Black "Bakalar, Petr"]
[Result "1/2-1/2"]
[WhiteElo "2295"]
[BlackElo "2320"]

1.e4 c5 2.Nf3 Nc6 3.Bb5 a6 4.Bxc6 dxc6 5.d3 Bg4 6.Be3 e5 7.Nbd2 Bd6 8.h3 Be6
9.a4 f6 10.b3 b5 11.Qe2 Ne7 12.Nh2 O-O 13.f3 Ng6 14.Qf2 Nf4 15.O-O Qe7 16.Ra2 Bc8
17.Rfa1 Bb7 18.Nhf1 Rad8 19.Ng3 g6 20.Ne2 Kh8 21.Re1 Ne6 22.Nf1 Qc7 23.c3 Rd7
24.Rd1 Rfd8 25.axb5 axb5 26.Rad2 Be7 27.d4 cxd4 28.cxd4 exd4 29.Nxd4 Nxd4
30.Bxd4 c5 31.Bc3 Rxd2 32.Rxd2 b4 33.Rxd8+ Qxd8 34.Bd2 Qd3 35.Be3 Ba6 36.Nd2 Qc2
37.Nc4 Qxb3 38.Bxc5 Qxc4 39.Bxe7 Kg7 40.Qc5 Qxc5+ 41.Bxc5 b3 42.Bd4 Kf7 43.Kf2 Ke6
44.g4 f5  1/2-1/2

[Event "CZE-chT2 9899"]
[Site "CZE"]
[Date "1999.??.??"]
[Round "?"]
[White "Schula, Michal"]
[Black "Prymula, Roman"]
[Result "1-0"]
[WhiteElo "2290"]
[BlackElo "2240"]

1.e4 c5 2.Nf3 Nc6 3.Bb5 g6 4.O-O Bg7 5.c3 Nf6 6.Qe2 O-O 7.d4 cxd4 8.cxd4 a6
9.Ba4 b5 10.Bc2 Bb7 11.Nc3 Rc8 12.Rd1 Na5 13.Bg5 Nc4 14.Bd3 h6 15.Bxf6 Bxf6
16.Rac1 Nb6 17.e5 Bg7 18.Be4 Bxe4 19.Qxe4 d5 20.Qd3 e6 21.b3 Re8 22.Ne2 Re7
23.Rxc8 Qxc8 24.Rc1 Rc7 25.Rxc7 Qxc7 26.g4 Nd7 27.h4 Nf8 28.Kg2 Qc6 29.h5 g5
30.Qd2 Nh7 31.Ne1 Bf8 32.Nd3 Be7 33.Qc3 Qxc3 34.Nxc3 f6 35.a4 b4 36.Na2 a5
37.Nac1 Kf7 38.Ne2 Nf8 39.f4 gxf4 40.Nexf4 fxe5 41.Nxe5+ Kf6 42.Nc6 Bd6 43.Nd3 Bc7
44.Nc5 Bb6 45.Nb7 Nd7 46.Nbxa5 Bxa5 47.Nxa5 e5 48.Nc6 exd4 49.Nxd4 Kg5 50.Kg3 Nc5
51.a5 Kf6 52.Nc6 Ke6 53.Nxb4  1-0

[Event "CZE-chT2 9899"]
[Site "CZE"]
[Date "1999.??.??"]
[Round "?"]
[White "Suran, Jan"]
[Black "Bakalar, Petr"]
[Result "1/2-1/2"]
[WhiteElo "2280"]
[BlackElo "2320"]

1.e4 c5 2.Nf3 Nc6 3.Bb5 a6 4.Bxc6 dxc6 5.h3 e5 6.d3 Bd6 7.Be3 Ne7 8.Nbd2 Ng6
9.Nc4 O-O 10.O-O Re8 11.Nxd6 Qxd6 12.Qd2 b6 13.a3 Nf8 14.b4 cxb4 15.axb4 Rb8
16.Rfe1 Ne6 17.Qc3 f6 18.d4 exd4 19.Nxd4 Nxd4 20.Bxd4 c5 21.bxc5 bxc5 22.Qxc5 Qxc5
23.Bxc5 Rb2 24.Re2 Be6 25.Bd4 Ra2 26.Rxa2 Bxa2 27.f3 Rb8 28.Kf2 a5 29.e5 Bc4
30.Re3 fxe5 31.Rxe5 Ra8 32.Ke3 Bf7 33.Bc3 a4 34.Ra5 Rxa5 35.Bxa5 a3 36.Kd4 a2
37.Bc3 Kf8 38.Bb2 Ke7 39.Kc5 g6 40.c4 Kd7 41.Kb5 Ke7 42.Be5 Kd7 43.f4 h5  1/2-1/2

[Event "CZE-chT2 9899"]
[Site "CZE"]
[Date "1999.??.??"]
[Round "?"]
[White "Zahorbensky, Jaroslav"]
[Black "Folk, Petr"]
[Result "1/2-1/2"]
[WhiteElo "2160"]
[BlackElo "2255"]

1.e4 c5 2.Nf3 Nc6 3.Bb5 d6 4.d4 cxd4 5.Qxd4 Bd7 6.Bxc6 Bxc6 7.c4 Nf6 8.Nc3 e6
9.Bg5 Be7 10.O-O O-O 11.Rfd1 h6 12.Bh4 Qa5 13.a3 Qh5 14.h3 g5 15.Bg3 Rfd8
16.Qe3 Ne8 17.Nd4 Qg6 18.Rac1 Bd7 19.Ncb5 Bxb5 20.Nxb5 a6 21.Nd4 Nf6 22.e5 dxe5
23.Bxe5 Rac8 24.b4 Qe4 25.Qxe4 Nxe4 26.f3 Bf6 27.Bxf6 Nxf6 28.c5 Kf8 29.Nb3 Rxd1+
30.Rxd1 Nd5 31.Kf2 Ke7 32.h4 Rc7 33.Rh1 Nc3 34.hxg5 hxg5 35.Ke3 Nb5 36.Nd4 Nxa3
37.Ra1 Nc4+ 38.Kd3 Ne5+ 39.Ke4 Nc6 40.Nxc6+ Rxc6 41.Kd4 Rc7 42.Ke4 Rd7 43.c6 bxc6
44.Rxa6  1/2-1/2

[Event "Moravia-chT 9899"]
[Site "CZE"]
[Date "1999.??.??"]
[Round "6"]
[White "Svanda, Pavel"]
[Black "Buran, Jaroslav"]
[Result "1-0"]
[WhiteElo "2270"]
[BlackElo "2215"]

1.e4 c5 2.Nf3 Nc6 3.Bb5 g6 4.O-O Bg7 5.c3 Nf6 6.Re1 O-O 7.d3 d6 8.Nbd2 Qc7
9.Nf1 a6 10.Ba4 b5 11.Bb3 Bb7 12.h3 b4 13.Bg5 a5 14.d4 h6 15.Bh4 Rfd8 16.a4 bxc3
17.bxc3 cxd4 18.cxd4 Rab8 19.Qc2 Qb6 20.Qa2 Nxd4 21.Bxf7+ Kh7 22.Nxd4 Qxd4
23.Rad1 Qc5 24.Bxf6 Bxf6 25.e5 Bxe5 26.Qb1 Bg7 27.Qxg6+ Kh8 28.Rxe7 Qg5 29.Qxg5 hxg5
30.Bd5 Bc8 31.Rc1 Bf5 32.Ng3 Rbc8 33.Rxc8 Bxc8 34.Ne4 g4 35.h4 Bf5 36.Ng5 Rb8
37.Nf7+ Kh7 38.Nxd6 g3 39.Rxg7+ Kxg7 40.Nxf5+ Kf6 41.Nxg3  1-0

[Event "CZE-chT 9899"]
[Site "CZE"]
[Date "1999.??.??"]
[Round "7"]
[White "Cempel, Jaroslav"]
[Black "Choleva, Zdenek"]
[Result "1-0"]
[WhiteElo "2270"]
[BlackElo "2250"]

1.Nf3 c5 2.e4 Nc6 3.Bb5 Nd4 4.Nxd4 cxd4 5.O-O a6 6.Be2 e6 7.c3 Bc5 8.d3 Ne7
9.b4 Ba7 10.c4 d5 11.exd5 exd5 12.c5 b6 13.cxb6 Qxb6 14.a3 Bb8 15.Nd2 g5
16.Re1 h5 17.Bb2 g4 18.Nf1 Kf8 19.Rc1 Qf6 20.Rc2 Be5 21.Qa1 Nf5 22.Bd1 Be6
23.g3 Rg8 24.Rce2 Bd6 25.Ne3 a5 26.b5 Bc5 27.Nxf5 Bxf5 28.Re5 Kg7 29.Rxd5 Rge8
30.Rf1 Rad8 31.Rxc5 Bxd3 32.Bc2 Bxf1 33.Qxf1 Kf8 34.Rxh5 Re6 35.Bb3 Re4 36.Bc2 Re6
37.Bc1 d3 38.Bb3 d2 39.Bxd2 Rxd2 40.Bxe6 fxe6 41.Rc5 Rb2 42.Rc4 Qg6 43.Rf4+ Ke7
44.Qc4 Rc2 45.Qe4 Qxe4 46.Rxe4 Rb2 47.Rxg4 Rxb5 48.h4 Kd6 49.Rg5 e5 50.h5  1-0

[Event "CZE-chT 9899"]
[Site "CZE"]
[Date "1999.??.??"]
[Round "7"]
[White "Biolek, Richard"]
[Black "Walek, Milan"]
[Result "1-0"]
[WhiteElo "2425"]
[BlackElo "2325"]

1.e4 c5 2.Nf3 Nc6 3.Bb5 g6 4.O-O Bg7 5.Re1 Nf6 6.c3 O-O 7.d4 cxd4 8.cxd4 d5
9.e5 Ne8 10.h3 Nc7 11.Bxc6 bxc6 12.Be3 Bd7 13.Nbd2 h6 14.Nb3 Ne6 15.Rc1 Kh7
16.Qd2 Qb6 17.Rc3 Rfb8 18.Rb1 Rb7 19.Ne1 a5 20.Nd3 a4 21.Nbc5 Rc7 22.Rbc1 Nxc5
23.Nxc5 Bc8 24.b3 axb3 25.Rxb3 Qa7 26.a4 e6 27.Ra1 Ba6 28.h4 Bc4 29.Rb2 Rb8
30.h5 gxh5 31.a5 Rxb2 32.Qxb2 Bb5 33.Qc2+ Kh8 34.Qd1 Qa8 35.Qxh5 Kh7 36.Ra3 Ra7
37.Bd2 Qh8 38.Rg3 Qf8 39.Kh2 Bc4 40.f4 Ba2 41.f5 exf5 42.Nd7  1-0

[Event "CZE-chT 9899"]
[Site "CZE"]
[Date "1999.??.??"]
[Round "9"]
[White "Jansa, Vlastimil"]
[Black "Sluka, Radek"]
[Result "0-1"]
[WhiteElo "2480"]
[BlackElo "2380"]

1.e4 c5 2.Nf3 Nc6 3.Bb5 e6 4.O-O Nge7 5.b3 a6 6.Bxc6 Nxc6 7.Bb2 f6 8.Nh4 Qe7
9.f4 Qf7 10.Nc3 b5 11.a4 b4 12.Ne2 Bb7 13.d3 Be7 14.f5 e5 15.Nf3 O-O 16.Nd2 d5
17.Ng3 Nd4 18.Bxd4 exd4 19.exd5 Qxd5 20.Nge4 Bd6 21.Qg4 Bc7 22.Rf3 Rae8 23.Raf1 Rf7
24.Rh3 Bc8 25.Nc4 Bd7 26.Rff3 Bc6 27.Rh4 h6 28.Qg6 Kf8 29.Rg4 Ree7 30.Rf1 Ke8
31.Ncd2 Kd8 32.Qh7 Kc8 33.Nc4 Kb7 34.Qg6 Ka7 35.Qh5 Rf8 36.Ncd2 Be8 37.Qh3 Bd7
38.Qf3 Qe5 39.g3 Bc6 40.Qf2 Qd5 41.Rh4 Rfe8 42.g4 Rxe4 43.dxe4 Rxe4 44.Qg2 Re3
45.Qxd5 Bxd5 46.Rf2 d3 47.cxd3 Rxd3 48.Kf1 Kb6 49.Ke2 Rc3 50.Kd1 Be5 51.g5 hxg5
52.Nc4+ Bxc4 53.Rxc4 Rxb3 54.Rd2 Ra3 55.h4 gxh4 56.Rxh4 Rxa4 57.Rd7 Ra2 58.Rg4 a5
59.Rgxg7 a4 60.Rde7 Rf2 61.Ke1 Rxf5 62.Ke2 Kb5 63.Ra7 a3 64.Kd3 Rf3+ 65.Ke4 Rf4+
66.Kd3 Rd4+ 67.Kc2 Kc4  0-1

[Event "CZE-chT 9899"]
[Site "CZE"]
[Date "1999.??.??"]
[Round "9"]
[White "Velicka, Petr"]
[Black "Movsesian, Sergei"]
[Result "0-1"]
[WhiteElo "2430"]
[BlackElo "2595"]

1.e4 c5 2.Nf3 Nc6 3.Bb5 d6 4.Bxc6+ bxc6 5.O-O e5 6.c3 f5 7.d4 fxe4 8.Ng5 d5
9.dxe5 Be7 10.e6 Nf6 11.Nf7 Qc7 12.Nxh8 Bxe6 13.f4 g6 14.Na3 O-O-O 15.Qa4 Rxh8
16.Nc2 Rd8 17.Kh1 Bg4 18.Qa6+ Qb7 19.Qxb7+ Kxb7 20.Be3 Be2 21.Rfc1 a5 22.h3 Bd3
23.Ne1 c4 24.b3 Ba3 25.Rd1 Bb2 26.Bd4 Bxa1 27.Bxf6 Rf8 28.Be5 Bb2 29.bxc4 dxc4
30.Nxd3 cxd3 31.Rb1 Ka8 32.Bd4 Rd8 33.Kg1 Rxd4 34.cxd4 e3 35.d5 cxd5 36.Kf1 Bc3
37.g4 Ka7 38.f5 gxf5 39.gxf5 Ka6 40.Kg2 Bf6 41.Kf3 e2 42.Ke3 Bc3 43.Kf2 a4
44.Rh1 Kb5 45.Rc1 Kc4  0-1

[Event "CZE-chT 9899"]
[Site "CZE"]
[Date "1999.??.??"]
[Round "9"]
[White "Nemec, Pavel"]
[Black "Zezulkin, Jurij"]
[Result "0-1"]
[WhiteElo "2275"]
[BlackElo "2485"]

1.e4 c5 2.Nf3 Nc6 3.Bb5 d6 4.O-O Bd7 5.c3 Nf6 6.Re1 a6 7.Ba4 b5 8.Bc2 e5
9.d4 cxd4 10.cxd4 Bg4 11.d5 Nd4 12.Nbd2 Rc8 13.Bd3 g6 14.h3 Bh5 15.Nb3 Nxf3+
16.gxf3 Bg7 17.Kg2 O-O 18.a4 Ne8 19.axb5 axb5 20.Na5 f5 21.Nc6 Qh4 22.Bd2 Rc7
23.Ra3 Rcf7 24.exf5 gxf5 25.Bxb5 e4 26.Be2 Bxb2 27.Ra7 Rxa7 28.Nxa7 Rf7 29.Be3 Rg7+
30.Kh2 Be5+ 31.f4 Bxf4+ 32.Bxf4 Qxf2+  0-1

[Event "CZE-chT 9899"]
[Site "CZE"]
[Date "1999.??.??"]
[Round "10"]
[White "Fuksik, Jakub"]
[Black "Znamenacek, Kvetoslav"]
[Result "0-1"]
[WhiteElo "2270"]
[BlackElo "2325"]

1.e4 c5 2.Nf3 Nc6 3.Bb5 g6 4.Bxc6 bxc6 5.O-O Bg7 6.Re1 d6 7.e5 Kf8 8.h3 Qc7
9.Qe2 Be6 10.Nc3 Re8 11.d3 Nh6 12.Bf4 Nf5 13.g4 Nd4 14.Nxd4 cxd4 15.exd6 exd6
16.Ne4 Be5 17.Qd2 h5 18.Bxe5 dxe5 19.Nf6 hxg4 20.Nxe8 Kxe8 21.Qg5 Rh5 22.Qf6 gxh3
23.f4 Qa5 24.Rxe5 Rxe5 25.Qxe5 Qd2 26.Qe4 Kf8 27.Qxc6 Qe3+ 28.Kh1 Qxf4 29.Re1 g5
30.Qc5+ Kg8 31.Rg1 g4 32.Qc6 Qf5 33.Qa8+ Kg7 34.Qc6  0-1

[Event "EU-ch Union SCIPT"]
[Site "DEN"]
[Date "1999.??.??"]
[Round "4"]
[White "Pedersen, Jan"]
[Black "Hamark, Jesper"]
[Result "1-0"]
[WhiteElo "2320"]
[BlackElo "2400"]

1.e4 c5 2.Nf3 Nc6 3.Bb5 e6 4.O-O Nge7 5.Re1 a6 6.Bf1 d5 7.exd5 Nxd5 8.d4 Be7
9.c4 Nf6 10.dxc5 Qxd1 11.Rxd1 Ne4 12.Be3 Bxc5 13.Bd3 Bxe3 14.Bxe4 Ba7 15.Bxc6+ bxc6
16.Nc3 Rb8 17.Na4 Bb7 18.Rd6 Ke7 19.Rad1 Rhd8 20.c5 Ba8 21.Ne5 f6 22.Nd7 Rb7
23.Ndb6 Rdb8 24.h4 h5 25.Rd7+ Ke8 26.Rxb7 Bxb7 27.Rd7 Kf8 28.Rc7  1-0

[Event "DEN-chT 9899"]
[Site "Denmark"]
[Date "1999.??.??"]
[Round "4"]
[White "Jensen, Vagn"]
[Black "Jaksland, Tim"]
[Result "1-0"]
[WhiteElo "2240"]
[BlackElo "2245"]

1.e4 c5 2.Nf3 Nc6 3.Bb5 d6 4.b3 Bd7 5.O-O e5 6.Re1 Nf6 7.c3 a6 8.Bxc6 Bxc6
9.d4 Qc7 10.d5 Bd7 11.a4 g6 12.c4 Bg7 13.Nc3 O-O 14.Nh4 h6 15.g3 Ne8 16.Ra2 Kh7
17.Kh1 Qd8 18.f3 f5 19.Ng2 Nf6 20.Qd3 fxe4 21.fxe4 Qe7 22.Nd1 Rf7 23.Rf2 Raf8
24.Ref1 Ng4 25.Rxf7 Rxf7 26.Kg1 Qf8 27.Rxf7 Qxf7 28.h3 Nf6 29.Nf2 Qf8 30.g4 Ng8
31.Nh4 Bf6 32.Nf3 Bd8 33.Bd2 Nf6 34.Kg2 Kg8 35.Qe3 Kh7 36.Qd3 Ng8 37.Nh1 h5
38.gxh5 gxh5 39.Ng3 Qg7 40.Kh2 h4 41.Ne2 Qg6 42.Be1 Qh5 43.Qe3 Nh6 44.Qf2 Bg4
45.Kg2 Bd7 46.Nc3 Qg6+ 47.Kh2 Qh5 48.Nxh4 Bg5 49.Qf3 Bf4+ 50.Kg2 Qg5+ 51.Kh1 Be8
52.Qg2 Qf6 53.Nf3 Bh5 54.Bh4 Qf7 55.Ne2 Be3 56.Neg1 Qf4 57.Ng5+ Kh8 58.Ne6 Qf7
59.Bg5 Bxg1 60.Kxg1 Ng8 61.Qf2 Qf3 62.Qxf3 Bxf3 63.Nxc5 b6 64.Nb7 Bxe4 65.Nxd6 Bc2
66.Nf7+ Kg7 67.d6 Nf6 68.Nxe5 Bxb3 69.d7 Nxd7 70.Nxd7 Bxc4 71.Nxb6 Be6 72.Kg2 Kg6
73.h4 Kf5 74.Kg3 Bb3 75.a5 Be6 76.Na4 Bc4 77.Nc5 Be2 78.Kf2 Bb5 79.Ke3 Ke5
80.h5 Kf5 81.h6 Kg6 82.Ne6  1-0

[Event "Eger Agria op"]
[Site "Eger"]
[Date "1999.??.??"]
[Round "?"]
[White "Kerek, Krisztian"]
[Black "Bordos, Janos"]
[Result "1/2-1/2"]
[WhiteElo "2370"]
[BlackElo "2110"]

1.e4 c5 2.Nf3 Nc6 3.Bb5 d6 4.Bxc6+ bxc6 5.O-O g6 6.d4 cxd4 7.Qxd4 Nf6 8.e5 c5
9.Qa4+ Bd7 10.Qh4 dxe5 11.Nxe5 Bf5 12.Nc3 Bg7 13.Rd1 Qc8 14.Qg3 Nd7 15.Nxd7 Bxd7
16.Qh4 Bc6 17.Bh6 O-O 18.Bxg7 Kxg7 19.Qxe7 Bxg2 20.Qe5+ f6 21.Qg3 Bb7 22.Nd5 Rf7
23.c4 Qf5 24.Qf4 Qh3 25.Re1 Rd8 26.Rad1 Qh5 27.Qe4 Qg5+ 28.Qg2 Qf5 29.Qe4 Qg5+
30.Qg2 Qf5 31.Qe4  1/2-1/2

[Event "Eger Agria op"]
[Site "Eger"]
[Date "1999.??.??"]
[Round "?"]
[White "Olah, Sandor"]
[Black "Bordos, Janos"]
[Result "1/2-1/2"]
[WhiteElo "2055"]
[BlackElo "2110"]

1.e4 c5 2.Nf3 Nc6 3.Bb5 d6 4.d4 cxd4 5.Nxd4 Bd7 6.O-O g6 7.Nc3 Bg7 8.Be3 Nf6
9.h3 O-O 10.Qd2 Rc8 11.Rad1 a6 12.Nxc6 Bxc6 13.Bxc6 Rxc6 14.Bh6 Qc8 15.Bxg7 Kxg7
16.f4 Rc4 17.Qe3 b5 18.e5 dxe5 19.fxe5 Ng8 20.a3 Nh6 21.Rf2 Nf5 22.Qd3 Rd4
23.Qe2 Rfd8 24.Rxd4 Rxd4 25.g4 Nh6 26.Qe3 Rc4 27.Rd2 Qc6 28.Rf2 a5 29.Rf4 b4
30.Rxc4 Qxc4 31.axb4 axb4 32.Ne4 Qxc2 33.Qd4 Qc7 34.e6+ f6 35.Qxb4 Qc1+ 36.Kg2 Qc2+
37.Kg1 Qd1+ 38.Kg2 Qc2+ 39.Kg1 Ng8 40.Qd4 Qc6 41.Nc5 Qf3 42.b4 Qg3+ 43.Kf1 Qxh3+
44.Ke2 Qg2+ 45.Kd3 h5 46.gxh5 gxh5 47.Kc4 Nh6 48.Qe4 Qg3 49.Qd3 Qxd3+ 50.Kxd3 Nf5
51.b5 Nd6 52.b6 f5 53.b7 Nxb7 54.Nxb7 Kf6 55.Nd8 Ke5 56.Ke3 h4 57.Kf3 Kd5
58.Kf4 Kd4 59.Nc6+ Kd5  1/2-1/2